Najlepsi skoczkowie danego kraju w XXI w. - Statystyki

Ogólne statystyki
  • Ten quiz został rozwiązany 59 razy
  • Średni wynik to 7 z 10
Statystyki odpowiedzi
Państwo Odpowiedź % Poprawnych
Polska Kamil Stoch
100%
Japonia Noriaki Kasai/Ryoyu Kobayashi
78%
Słowenia Peter Prevc
78%
Szwajcaria Simon Amman
78%
Niemcy Sven Hannawald/Andreas Wellinger/Severin Freund
71%
Finlandia Janne Ahonen
64%
Norwegia Halvor egner Granerud/Anders Bardal
62%
Bułgaria Vladimir Zografski
59%
Czechy Jakub Janda
53%
Austria Gregor Schlierenzauer
52%
Nie znaleziono quizów pasujących do podanych kryteriów
Rozkład punktacji
Procent ludzi z każdym wynikiem
Percentyl według liczby udzielonych odpowiedzi
Twoja historia wyników
Nie rozwiązałeś tego quizu